| 000 | 00927cam a22001934a 4500 | ||
|---|---|---|---|
| 005 | 20250605164337.0 | ||
| 008 | 250528s ||||||||||||||||||||||||d | ||
| 035 | _a23479 | ||
| 040 |
_aGR-AtMCL _bgre _dGR-AtMCL _eAACR2 |
||
| 245 | 1 | _aExamination of Sexual's Orientation (BDSM) Effects on Depression and Whether Sexual Orientation (BDSM) can Predict the Quality of Life | |
| 260 | _c2017 | ||
| 300 | _a156 | ||
| 520 | _aDeclaration, Acknowledgements, List of Abbreviations, Abstract, Introduction, Definition and History of BDSM, Researches about BDSM and Psychopathology until the 90's, Aims and Hypotheses of the Present Study, Method, Design, Sample, Materials, Procedure, Results, Discussion, Implications/ Applications, Conclusion, References, Appendices, Application Letter. | ||
| 700 | 1 |
_aLouka Penelope _99017 |
|
| 700 | 1 |
_aVorvis Apostolos-Sotirios _99044 |
|
| 942 | _cDS | ||
| 999 |
_c8489 _d8489 |
||